header

Sounds and systems (Record no. 109722)

MARC details
000 -LEADER
fixed length control field 01454nam a2200361Ia 4500
082 04 - DEWEY DECIMAL CLASSIFICATION NUMBER
Classification number 414
245 00 - TITLE STATEMENT
Title Sounds and systems
260 ## - PUBLICATION, DISTRIBUTION, ETC. (IMPRINT)
Place of publication Berlin ;
-- New York :
Name of publisher Mouton de Gruyter,
Year of publication 2002.
300 ## - PHYSICAL DESCRIPTION
Number of Pages viii, 484 p. :
Other physical details ill.
490 0# - SERIES STATEMENT
Series statement Trends in linguistics. Studies and monographs ;
650 #0 - SUBJECT ADDED ENTRY--TOPICAL TERM
Topical Term Grammar, Comparative and general
Topical Term Linguistics.
700 1# - ADDED ENTRY--PERSONAL NAME
Personal name Restle, David,
Personal name Zaefferer, Dietmar,
Personal name Vennemann, Theo.
856 40 - ELECTRONIC LOCATION AND ACCESS
Uniform Resource Identifier http://site.ebrary.com/lib/rucke/Doc?id=10597744

No items available.

© 2026 Rongo University
Contact us: librarian | system librarian | Rongo university